|
|
|
|
| LEADER |
00645nab a2200169 i 4500 |
| 001 |
misc73802 |
| 005 |
20241018155148.0 |
| 008 |
240109s1941 hu o 000 hun d |
| 040 |
|
|
|a SZTE Miscellanea Repozitórium
|b hun
|
| 041 |
|
|
|a hun
|
| 100 |
2 |
|
|a Szent-Györgyi Albert
|
| 245 |
1 |
2 |
|a A természettudományi oktatásról
|h [elektronikus dokumentum] /
|c Szent-Györgyi Albert
|
| 260 |
|
|
|a Magyar Királyi Horthy Miklós Tudományegyetem
|b Szeged
|c 1941
|
| 300 |
|
|
|a 1-2
|
| 490 |
0 |
|
|a Phlogiston
|v 1 No. 1
|
| 561 |
|
|
|a Szent-Györgyi Albert tudományos és egyéb írásai
|
| 856 |
4 |
0 |
|u http://misc.bibl.u-szeged.hu/73802/1/szgya_magyar_159.pdf
|z Dokumentum-elérés
|